[Event "SH-ch Seniors op"]
[Site "Eckernfoerde"]
[Date "2012.10.04"]
[Round "6.28"]
[White "Husfeld, Peter"]
[Black "Vierling, Paul"]
[Result "1-0"]
[WhiteElo "1831"]
[BlackElo "1610"]
[PlyCount "52"]
[EventDate "2012.09.29"]
[EventType "swiss"]
[EventRounds "7"]
[EventCountry "GER"]
[SourceTitle "EXT 2022"]
[Source "ChessBase"]
[SourceDate "2021.10.06"]
[SourceVersion "1"]
[SourceVersionDate "2021.10.06"]
[SourceQuality "1"]

1. d4 d5 2. e3 c6 3. c4 Nf6 4. Nc3 e6 5. a3 Be7 6. Bd3 dxc4 7. Bxc4 Nd5 8. e4 Nxc3 9. bxc3 b5 10. Bd3 Nd7 11. Nf3 h6 12. 0-0 0-0 13. Qc2 Kh8 14. Be3 Bg5 15. Nxg5 hxg5 16. Qe2 Qf6 17. Qh5+ Qh6 18. Qxg5 Qxg5 19. Bxg5 f6 20. Be3 Rd8 21. Rfc1 a6 22. a4 Bb7 23. a5 Rac8 24. Rab1 g5 25. c4 Rb8 26. cxb5 Ba8 1-0

[Event "Schleswig Holstein-ch Seniors 63rd"]
[Site "Gross Groenau"]
[Date "2008.03.17"]
[Round "4"]
[White "Husfeld, Peter"]
[Black "Kersten, Heinz"]
[Result "1/2-1/2"]
[WhiteElo "1661"]
[BlackElo "1581"]
[PlyCount "65"]
[EventDate "2008.03.15"]
[EventType "swiss"]
[EventRounds "9"]
[EventCountry "GER"]
[SourceTitle "EXT 2010"]
[Source "ChessBase"]
[SourceDate "2010.11.25"]
[SourceVersion "1"]
[SourceVersionDate "2010.11.25"]
[SourceQuality "1"]

1. d4 d5 2. Nf3 g6 3. e3 Bg7 4. c4 c6 5. cxd5 Qxd5 6. Nbd2 b5 7. Bd3 Nf6 8. Qc2 0-0 9. h3 a5 10. e4 Qd8 11. Nf1 Ba6 12. Be3 b4 13. Rc1 Bxd3 14. Qxd3 h6 15. Ng3 Nh7 16. 0-0 e6 17. Qd2 g5 18. Nh5 f6 19. Nxg7 Kxg7 20. Qc2 Rf7 21. Nh2 Rd7 22. f4 Qe7 23. fxg5 hxg5 24. Ng4 Qe8 25. Qf2 Qg6 26. Qf3 Rf7 27. Rf2 Nd7 28. d5 exd5 29. exd5 c5 30. Rcc2 f5 31. Nh2 Ne5 32. Qd1 Rd7 33. Rfd2 1/2-1/2

[Event "Schleswig Holstein-ch Seniors op"]
[Site "Eckernfoerde"]
[Date "2007.10.02"]
[Round "7"]
[White "Nickel, Juergen"]
[Black "Husfeld, Peter"]
[Result "0-1"]
[WhiteElo "1762"]
[BlackElo "1827"]
[PlyCount "70"]
[EventDate "2007.09.26"]
[EventType "swiss"]
[EventRounds "7"]
[EventCountry "GER"]
[SourceTitle "EXT 2008"]
[Source "ChessBase"]
[SourceDate "2007.11.25"]
[SourceVersion "1"]
[SourceVersionDate "2007.11.25"]
[SourceQuality "1"]

1. d4 d5 2. Nf3 Nf6 3. e3 e6 4. Bd3 Nbd7 5. b3 Be7 6. 0-0 0-0 7. Bb2 c6 8. Nbd2 Re8 9. Ne5 Nxe5 10. dxe5 Nd7 11. Kh1 g6 12. f4 Nc5 13. g4 Nxd3 14. cxd3 f5 15. exf6 Bxf6 16. Bxf6 Qxf6 17. Nf3 b6 18. Ne5 c5 19. Rc1 Bb7 20. d4 c4 21. Qe1 Qe7 22. h4 Rac8 23. g5 cxb3 24. Rxc8 Rxc8 25. axb3 Ba6 26. Rg1 Bb5 27. Rg2 Qa3 28. Qg3 Qxb3 29. Qh3 Qb1+ 30. Kh2 Qf5 31. Ng4 Kg7 32. h5 Bf1 33. hxg6 Qxg6 34. Nf6 Rc2 35. Rxc2 Qxc2+ 0-1

[Event "Niedersachsen-ch Seniors op 09th"]
[Site "Bad Bevensen"]
[Date "2006.06.29"]
[Round "6"]
[White "Thielemann, Joachim"]
[Black "Husfeld, Peter"]
[Result "1-0"]
[WhiteElo "1825"]
[BlackElo "1619"]
[PlyCount "75"]
[EventDate "2006.06.24"]
[EventType "swiss"]
[EventRounds "9"]
[EventCountry "GER"]
[SourceTitle "EXT 2022"]
[Source "ChessBase"]
[SourceDate "2021.10.06"]
[SourceVersion "1"]
[SourceVersionDate "2021.10.06"]
[SourceQuality "1"]

1. e4 c5 2. g3 Nc6 3. Bg2 d6 4. d3 g6 5. c3 Bg7 6. Be3 Nf6 7. h3 0-0 8. Ne2 Qc7 9. 0-0 h6 10. f4 Bd7 11. Nd2 Rac8 12. Nf3 b5 13. a3 Be6 14. Nh2 Qd7 15. g4 Na5 16. Nc1 Qc7 17. f5 gxf5 18. gxf5 Bd7 19. Ng4 Kh7 20. Nxf6+ exf6 21. Qh5 Bc6 22. Rf4 Rh8 23. Rh4 Kg8 24. Qg4 Kf8 25. Ne2 Rh7 26. Nf4 Ke7 27. Nh5 Bh8 28. Bf4 Qb8 29. Qg3 Nb7 30. Rg4 Rd8 31. Re1 Qc8 32. d4 c4 33. Qh4 Rf8 34. Kh2 Bd7 35. Bf3 Bc6 36. Bd1 Rg8 37. Bc2 Rxg4 38. hxg4 1-0

[Event "Niedersachsen-ch Seniors op 09th"]
[Site "Bad Bevensen"]
[Date "2006.06.28"]
[Round "5"]
[White "Husfeld, Peter"]
[Black "Boehm, Karl1111"]
[Result "1/2-1/2"]
[WhiteElo "1619"]
[BlackElo "1609"]
[PlyCount "30"]
[EventDate "2006.06.24"]
[EventType "swiss"]
[EventRounds "9"]
[EventCountry "GER"]
[SourceTitle "EXT 2022"]
[Source "ChessBase"]
[SourceDate "2021.10.06"]
[SourceVersion "1"]
[SourceVersionDate "2021.10.06"]
[SourceQuality "1"]

1. d4 d5 2. Nf3 Nf6 3. e3 Bg4 4. c4 e6 5. Qa4+ c6 6. Ne5 Bd6 7. h3 Bf5 8. Nc3 Nbd7 9. Nxd7 Qxd7 10. Be2 0-0 11. c5 Be7 12. 0-0 e5 13. f4 exf4 14. exf4 Ne4 15. Nxe4 Bxe4 1/2-1/2

[Event "Niedersachsen-ch Seniors op 09th"]
[Site "Bad Bevensen"]
[Date "2006.06.26"]
[Round "3"]
[White "Husfeld, Peter"]
[Black "Wittkugel, Friedhelm"]
[Result "0-1"]
[WhiteElo "1619"]
[BlackElo "1802"]
[PlyCount "108"]
[EventDate "2006.06.24"]
[EventType "swiss"]
[EventRounds "9"]
[EventCountry "GER"]
[SourceTitle "EXT 2022"]
[Source "ChessBase"]
[SourceDate "2021.10.06"]
[SourceVersion "1"]
[SourceVersionDate "2021.10.06"]
[SourceQuality "1"]

1. Nf3 d5 2. d4 Nf6 3. e3 c6 4. c4 Bf5 5. Nc3 e6 6. a3 a5 7. b3 Nbd7 8. Bb2 Bd6 9. Be2 Ne4 10. 0-0 Qf6 11. Rc1 Qh6 12. g3 Ndf6 13. Nh4 Bh3 14. Ng2 Qg5 15. f4 Qh6 16. Bf3 0-0 17. Re1 Bxg2 18. Kxg2 Qg6 19. Qe2 h5 20. Kh1 Nxc3 21. Rxc3 Rfd8 22. c5 Be7 23. Rcc1 Qf5 24. e4 dxe4 25. Bxe4 Nxe4 26. Qxe4 Qxe4+ 27. Rxe4 Bf6 28. Kg2 Rd5 29. h4 Rad8 30. Rc4 Kh7 31. Kf3 Kg6 32. Ke3 Kf5 33. Kf3 Rb8 34. Bc3 b6 35. Bb2 bxc5 36. Bc3 cxd4 37. Bxd4 Bxd4 38. Rexd4 Rbd8 39. Ke3 Kg4 40. f5+ Kxg3 41. fxe6 fxe6 42. Rxd5 cxd5 43. Rc7 Kxh4 44. Rxg7 Rc8 45. Kd2 Rc5 46. Re7 Rc6 47. Ra7 Kg3 48. Rg7+ Kh3 49. Ra7 h4 50. b4 Rb6 51. Rxa5 Kg2 52. Ke2 h3 53. Ra8 h2 54. Rg8+ Kh1 0-1

[Event "Bad Bevensen op"]
[Site "Bad Bevensen"]
[Date "2005.06.25"]
[Round "1"]
[White "Davydov, Mihail"]
[Black "Husfeld, Peter"]
[Result "1-0"]
[WhiteElo "1974"]
[BlackElo "1865"]
[PlyCount "61"]
[EventDate "2005.06.25"]
[EventType "swiss"]
[EventRounds "9"]
[EventCountry "GER"]
[SourceTitle "EXT 2007"]
[Source "ChessBase"]
[SourceDate "2006.11.23"]
[SourceVersion "1"]
[SourceVersionDate "2006.11.23"]
[SourceQuality "1"]

1. e4 c5 2. Nf3 d6 3. Bb5+ Bd7 4. Bxd7+ Nxd7 5. 0-0 Ngf6 6. Re1 Qc7 7. c3 a6 8. d4 e5 9. Bg5 Be7 10. Nbd2 h6 11. Bh4 g5 12. Bg3 Nh5 13. Nxe5 Nxg3 14. Nxd7 Qxd7 15. fxg3 0-0-0 16. Nc4 Qc7 17. Ne3 Qd7 18. Qf3 Rdf8 19. Rad1 Qe6 20. Nd5 Bd8 21. Rf1 g4 22. Qf5 Qxf5 23. Rxf5 Rh7 24. dxc5 dxc5 25. Ne3 Re8 26. Nxg4 Rxe4 27. Rxd8+ Kxd8 28. Nf6 Re1+ 29. Kf2 Rb1 30. Nxh7 Rxb2+ 31. Kf3 1-0

[Event "GER-chA Seniors 16th"]
[Site "Templin"]
[Date "2004.09.11"]
[Round "8"]
[White "Fassmann, Kurt"]
[Black "Husfeld, Peter"]
[Result "1-0"]
[WhiteElo "1883"]
[BlackElo "1678"]
[PlyCount "61"]
[EventDate "2004.09.04"]
[EventType "swiss"]
[EventRounds "9"]
[EventCountry "GER"]
[SourceTitle "EXT 2005"]
[Source "ChessBase"]
[SourceDate "2004.11.15"]
[SourceVersion "1"]
[SourceVersionDate "2004.11.15"]
[SourceQuality "1"]

1. d4 d5 2. c4 e6 3. Nc3 Nf6 4. Bg5 Be7 5. e3 c6 6. Nf3 a6 7. Bd3 Nbd7 8. cxd5 exd5 9. 0-0 h6 10. Bh4 0-0 11. Rc1 Re8 12. Qc2 Ne4 13. Bxe7 Qxe7 14. Bxe4 dxe4 15. Nd2 Nf6 16. Na4 Nd5 17. a3 Rb8 18. Qc5 Qg5 19. Qd6 Bh3 20. Qg3 Qxg3 21. hxg3 Bf5 22. Nc5 Re7 23. Rc2 Ra8 24. Rfc1 b6 25. Na4 Bd7 26. Nc3 Nf6 27. Nc4 Rb8 28. Ne5 Be8 29. Nc4 Ng4 30. b4 Nf6 31. Nd6 1-0

[Event "Bad Sooden-Allendorf Seniors op 16th"]
[Site "Bad Sooden-Allendorf"]
[Date "2004.04.30"]
[Round "9"]
[White "Husfeld, Peter"]
[Black "Vogel, Gerhard"]
[Result "1/2-1/2"]
[WhiteElo "1747"]
[BlackElo "1610"]
[PlyCount "44"]
[EventDate "2004.04.22"]
[EventType "swiss"]
[EventRounds "9"]
[EventCountry "GER"]
[SourceTitle "EXT 2006"]
[Source "ChessBase"]
[SourceDate "2005.11.24"]
[SourceVersion "1"]
[SourceVersionDate "2005.11.24"]
[SourceQuality "1"]

1. d4 d5 2. Nf3 e6 3. c4 c6 4. e3 Nf6 5. Nc3 Bd6 6. Qc2 0-0 7. Bd3 Nbd7 8. cxd5 exd5 9. 0-0 Re8 10. Re1 Qc7 11. h3 h6 12. Bd2 Nf8 13. Rac1 a6 14. e4 dxe4 15. Nxe4 Nxe4 16. Bxe4 Be6 17. d5 cxd5 18. Bh7+ Nxh7 19. Qxc7 Bxc7 20. Rxc7 b5 21. Nd4 Nf8 22. Rec1 Bd7 1/2-1/2

[Event "Bad Sooden-Allendorf Seniors op 16th"]
[Site "Bad Sooden-Allendorf"]
[Date "2004.04.29"]
[Round "8"]
[White "Rose, Heinrich"]
[Black "Husfeld, Peter"]
[Result "1/2-1/2"]
[WhiteElo "1619"]
[BlackElo "1747"]
[PlyCount "57"]
[EventDate "2004.04.22"]
[EventType "swiss"]
[EventRounds "9"]
[EventCountry "GER"]
[SourceTitle "EXT 2006"]
[Source "ChessBase"]
[SourceDate "2005.11.24"]
[SourceVersion "1"]
[SourceVersionDate "2005.11.24"]
[SourceQuality "1"]

1. c4 c5 2. Nc3 Nf6 3. g3 d6 4. Bg2 g6 5. Rb1 a6 6. Nf3 Bg7 7. 0-0 Bf5 8. d3 Qc8 9. e4 Bg4 10. Qa4+ Bd7 11. Qc2 Nc6 12. a3 Bg4 13. Be3 0-0 14. Qd2 Re8 15. Bg5 Rb8 16. Ne1 Nd4 17. f3 Bd7 18. Nc2 Nxc2 19. Qxc2 Nh5 20. Nd5 Bd4+ 21. Kh1 Bh3 22. Nxe7+ Rxe7 23. Bxe7 Bxg2+ 24. Qxg2 Qe6 25. Bh4 f6 26. f4 Qd7 27. g4 Ng7 28. Bf2 Bxf2 29. Rxf2 1/2-1/2